Orang-outan (L')
acrobate des forêts
<< Retourner aux résultats de la recherche| Auteur principal : | Christine Sourd |
|---|---|
| Autres auteurs : | Albert Visage Jean-Paul Ferrero |
| Titre : | Orang-outan (L') |
| Support : | Livres |
| Langue : | Francais |
| Publié : |
1996 Milan Toulouse |
| Genre : |
Documentaire |
| Collection : |
Patte à patte |
| Sujets : | |
| Étiquettes : |
Pas de tags
|
| LEADER | 00775nam0a2200229 450 | ||
|---|---|---|---|
| 001 | 16867358 | ||
| 010 | |a 2-8411-3430-X |d 52 F | ||
| 100 | |a 19961127d1996 u u0frey01 ba | ||
| 101 | 0 | |a fre | |
| 200 | 0 | |a Orang-outan (L') |e acrobate des forêts |f Christine Sourd |g photogr. par Albert Visage et Jean-Paul Ferrero | |
| 207 | 1 | |a | |
| 210 | |a Toulouse |b 9 rue des Gestes. |c Milan |d 1996 | ||
| 215 | |a 29 p. |d 25 cm | ||
| 225 | 1 | |a Patte à patte | |
| 606 | 0 | |a Orang-outan |x Ouvrages pour la jeunesse | |
| 676 | |a 599.8 | ||
| 700 | 0 | |a Sourd |b Christine |4 70 | |
| 702 | 0 | |a Visage |b Albert |4 600 | |
| 702 | 0 | |a Ferrero |b Jean-Paul |4 600 | |
| 900 | |a Documentaire | ||
| 901 | |a Jeunesse | ||
| 995 | |a Médiathèque |c Médiathèque |f 00156000549311 |h 00156000549311 |k E 599.8 SOU |o p |q j |r az |e Médiathèque | ||